000 00546nam a2200217Ia 4500
003 OSt
005 20220928140112.0
006 a|||||r|||| 00| 0
007 ta
008 220927b |||||||| |||| 00| 0 eng d
024 _a6575
037 _cTextual
040 _aSDCL
_cSDCL
_beng
041 _2eng
_aeng
082 _aG:55obI, N4
100 _aWilkinson Robert E
_9493917
245 0 _aPlant-Environment interactions
260 _c1994
942 _hG:55obI, N4
_cTEXL
_2CC
999 _c809790
_d809790